000 00757nam a22002537a 4500
005 20170123162319.0
010 _a682258
020 _c00.00
035 _a682258
037 _bCen Lib/Ret
040 _aDPL
_bUR
082 _aن
_bم ه د
100 _a مہندی، صغرا
_9116013
245 _aپابہ جولان :
_cصغرا مہندی
_bناول /
246 _aPaba jwalan : novel /
_bby Saghra Mehnadi
260 _aنیی دہلی
_bناولستان
270 _bنیی دہلی
_aجامہ نگر
_e110025
300 _a213p.
_c19cm(Hb)
650 _aاردو ادب
_9116014
650 _aاردوناول
_9592
650 _aUrdu literature
_9116015
650 _aUrdu novel
_9116016
942 _2ddc
_cUR
_hن
_mم ه د
999 _c106915
_d106915